[Event "San Francisco Leighton Memorial"]
[Site "San Francisco"]
[Date "2015.09.22"]
[Round "8"]
[White "Krasnov, Steven Lender"]
[Black "Gerwin, Gene"]
[Result "1-0"]
[WhiteElo "1921"]
[BlackElo "1817"]
[PlyCount "111"]
[EventDate "2015.08.04"]
[EventType "swiss"]
[EventRounds "9"]
[EventCountry "USA"]
[SourceTitle "EXT 2023"]
[Source "ChessBase"]
[SourceDate "2022.10.05"]
[SourceVersion "1"]
[SourceVersionDate "2022.10.05"]
[SourceQuality "1"]

1. c4 g6 2. Nc3 Bg7 3. Nf3 d6 4. d4 b6 5. g3 Bb7 6. Bg2 e6 7. 0-0 Ne7 8. Re1 0-0 9. e4 h6 10. Be3 Nd7 11. Qc2 a6 12. Rad1 Kh7 13. h4 f5 14. Bc1 Nf6 15. e5 Ne4 16. Nxe4 fxe4 17. Rxe4 Bxe4 18. Qxe4 d5 19. Qc2 dxc4 20. h5 b5 21. Nh4 Ra7 22. Nxg6 Kg8 23. Nxf8 Qxf8 24. Be3 Nd5 25. Qg6 Qf7 26. Bh3 Qxg6 27. hxg6 Ne7 28. Bxe6+ Kf8 29. d5 Ra8 30. d6 cxd6 31. exd6 Nxg6 32. d7 Bf6 33. Bxh6+ Ke7 34. Bf5 Nf8 35. d8Q+ Rxd8 36. Rxd8 Kxd8 37. Bxf8 Bxb2 38. Bb4 Kc7 39. Ba5+ Kc6 40. Kf1 Kc5 41. Ke2 b4 42. Kd1 b3 43. axb3 cxb3 44. Bd2 a5 45. Bxa5 Bd4 46. f3 Kd5 47. Bg6 Ke5 48. Bc7+ Kf6 49. Bd3 b2 50. Kc2 Kg5 51. Bd8+ Kh5 52. g4+ Kh6 53. g5+ Kg7 54. f4 Be3 55. f5 Bc1 56. g6 1-0

[Event "San Francisco Leighton Memorial"]
[Site "San Francisco"]
[Date "2015.08.04"]
[Round "1"]
[White "Gerwin, Gene"]
[Black "Handler, Andrew Todd"]
[Result "1-0"]
[WhiteElo "1817"]
[BlackElo "1777"]
[PlyCount "83"]
[EventDate "2015.08.04"]
[EventType "swiss"]
[EventRounds "9"]
[EventCountry "USA"]
[SourceTitle "EXT 2023"]
[Source "ChessBase"]
[SourceDate "2022.10.05"]
[SourceVersion "1"]
[SourceVersionDate "2022.10.05"]
[SourceQuality "1"]

1. g3 f5 2. b3 Nf6 3. Bb2 e6 4. Bg2 Be7 5. d3 d6 6. Nd2 Nc6 7. a3 e5 8. e3 0-0 9. Ne2 Bd7 10. h3 Qe8 11. c4 a5 12. Qc2 Kh8 13. Nc3 Bd8 14. 0-0-0 Rb8 15. f3 Ne7 16. g4 b5 17. cxb5 Bxb5 18. Nxb5 Rxb5 19. d4 Ned5 20. Rhe1 f4 21. Nc4 Nxe3 22. Nxe3 fxe3 23. Bf1 Rb6 24. dxe5 dxe5 25. Rxe3 Nxg4 26. Rxd8 Qxd8 27. hxg4 Qg5 28. Qd2 Rd6 29. Bd3 Rfd8 30. Kc2 Rc6+ 31. Bc3 Qe7 32. Qh2 h6 33. Qxe5 Qxe5 34. Rxe5 Rcd6 35. Be4 a4 36. bxa4 R6d7 37. a5 c5 38. a6 Ra7 39. Bb7 Rd7 40. Re8+ Kh7 41. Be4+ g6 42. Rh8# 1-0

[Event "San Francisco TNM Summer op"]
[Site "San Francisco"]
[Date "2015.06.30"]
[Round "6"]
[White "Gerwin, Gene"]
[Black "Gomboluudev, Enkhjin C"]
[Result "1/2-1/2"]
[WhiteElo "1904"]
[BlackElo "1482"]
[PlyCount "88"]
[EventDate "2015.05.26"]
[EventType "swiss"]
[EventRounds "8"]
[EventCountry "USA"]
[SourceTitle "EXT 2016"]
[Source "ChessBase"]
[SourceDate "2015.10.08"]
[SourceVersion "1"]
[SourceVersionDate "2015.10.08"]
[SourceQuality "1"]

1. g3 e5 2. Bg2 d5 3. d3 Nf6 4. Nc3 Nc6 5. e4 dxe4 6. dxe4 Qxd1+ 7. Kxd1 Bc5 8. f3 Be6 9. Bd2 Rd8 10. Kc1 0-0 11. Na4 Bb6 12. Nxb6 cxb6 13. c3 Rd7 14. Kc2 Rfd8 15. Rd1 Bxa2 16. Bh3 Rd6 17. Ne2 Na5 18. Nc1 Bc4 19. Bg5 Rxd1 20. Rxd1 Rxd1 21. Kxd1 Kf8 22. Bc8 Ke8 23. b4 Kd8 24. Bf5 Nc6 25. Bxf6+ gxf6 26. Bxh7 Ne7 27. h4 Ke8 28. h5 Kf8 29. Kd2 Kg7 30. Bf5 Nxf5 31. exf5 Kh6 32. g4 Kg5 33. Ke3 a5 34. bxa5 bxa5 35. Nd3 a4 36. Kd2 a3 37. Ne1 a2 38. Nc2 Bb3 39. Na1 Bc4 40. Ke3 b6 41. Ke4 b5 42. Ke3 Bd5 43. Nc2 Bb3 44. Na1 Bd5 1/2-1/2

[Event "San Francisco TNM Summer op"]
[Site "San Francisco"]
[Date "2015.06.09"]
[Round "3"]
[White "Chan, John"]
[Black "Gerwin, Gene"]
[Result "0-1"]
[WhiteElo "1552"]
[BlackElo "1904"]
[PlyCount "90"]
[EventDate "2015.05.26"]
[EventType "swiss"]
[EventRounds "8"]
[EventCountry "USA"]
[SourceTitle "EXT 2016"]
[Source "ChessBase"]
[SourceDate "2015.10.08"]
[SourceVersion "1"]
[SourceVersionDate "2015.10.08"]
[SourceQuality "1"]

1. d4 b6 2. c4 Bb7 3. Nc3 e6 4. a3 g6 5. Nf3 Bg7 6. e4 Ne7 7. Be3 d6 8. Qc2 Nd7 9. Be2 h6 10. 0-0 0-0 11. Qd2 Kh7 12. h3 f5 13. Qc2 Nf6 14. e5 Ne4 15. Rad1 a6 16. b4 Qe8 17. Nxe4 Bxe4 18. Qb3 Qf7 19. exd6 cxd6 20. Bf4 Rfd8 21. h4 Qf6 22. g3 Ra7 23. Qa4 Bxf3 24. Bxf3 g5 25. hxg5 hxg5 26. Bc1 Rh8 27. Kg2 Bh6 28. Rh1 Kg7 29. Bh5 g4 30. Bxh6+ Rxh6 31. Be8 Rxh1 32. Kxh1 f4 33. gxf4 Kf8 34. Bh5 Qh4+ 35. Kg2 Qxh5 36. Rh1 Qg6 37. Rh8+ Ng8 38. Qc6 Kg7 39. Rh1 d5 40. cxd5 Qe4+ 41. Kg1 Qxd5 42. Qxb6 Rf7 43. Qxa6 Rc7 44. Kh2 Qf3 45. Rf1 Kf6 0-1